| 000 | 00354nam a22001457a 4500 | ||
|---|---|---|---|
| 003 | SGT | ||
| 020 | _a978-93-90522-01-9 | ||
| 082 |
_a635 _bGOU |
||
| 100 | _aGOUD, CH. RAJA | ||
| 245 | _aPESTS OF FIELD CROPS AND STORED GRAINS AND THEIR MANAGEMENT | ||
| 260 |
_aDELHI _bKALYANI _c2023 |
||
| 300 | _a422 | ||
| 650 | _aFIELD CROPS | ||
| 942 |
_2ddc _cBK _018 |
||
| 999 |
_c25656 _d25656 |
||